| 000 | 00439nam a2200145Ia 4500 | ||
|---|---|---|---|
| 008 | 090124s9999 xx 000 0 und d | ||
| 082 | _b204250 | ||
| 245 | _aDR. B.R. AMBEDKAR BUDDHIST REVOLUTION IN ANCIENT INDIA | ||
| 250 | _a0 | ||
| 260 |
_bAHIR D.C _c1996 |
||
| 300 | _a268 | ||
| 630 | _aDR. B.R. AMBEDKAR BUDDHIST REVOLUTION IN ANCIENT INDIA | ||
| 730 | _aDR. B.R. AMBEDKAR BUDDHIST REVOLUTION IN ANCIENT INDIA | ||
| 942 | _cBOOK | ||
| 999 |
_c185831 _d185831 |
||